Fundamentals of demography : (Record no. 15361)
[ view plain ]
| 000 -LEADER | |
|---|---|
| fixed length control field | 00794cam a2200265 a 4500 |
| 001 - CONTROL NUMBER | |
| control field | 15361 |
| 003 - CONTROL NUMBER IDENTIFIER | |
| rucl marc code | BD-RjUL |
| 005 - DATE AND TIME OF LATEST TRANSACTION | |
| control field | 20211208235812.0 |
| 008 - FIXED-LENGTH DATA ELEMENTS--GENERAL INFORMATION | |
| fixed length control field | 140210s1981 ii a b 000 0 eng d |
| 020 ## - INTERNATIONAL STANDARD BOOK NUMBER | |
| Terms of availability | : IRs. 60.00 |
| 035 ## - SYSTEM CONTROL NUMBER | |
| System control number | (BD-RjUL)15415 |
| 040 ## - CATALOGING SOURCE | |
| Original cataloging agency | DKAGE |
| Language of cataloging | eng |
| Transcribing agency | DKAGE |
| Modifying agency | DLC |
| -- | BD-RjUL |
| 041 ## - LANGUAGE CODE | |
| Language code of text/sound track or separate title | eng |
| 082 04 - DEWEY DECIMAL CLASSIFICATION NUMBER | |
| Classification number | 304.6 |
| Edition number | 22 |
| Author mark and year | RAF 1981 |
| 100 1# - MAIN ENTRY--PERSONAL NAME | |
| Personal name | Raj, Hans , |
| 9 (RLIN) | 47731 |
| 245 10 - TITLE STATEMENT | |
| Title | Fundamentals of demography : |
| Remainder of title | (Population studies with special reference to India) / |
| Statement of responsibility, etc. | Hans Raj. |
| 250 ## - EDITION STATEMENT | |
| Edition statement | 2nd rev. & enlarged ed. |
| 260 ## - PUBLICATION, DISTRIBUTION, ETC. (IMPRINT) | |
| Place of publication, distribution, etc. | Delhi : |
| Name of publisher, distributor, etc. | Surgeet Publications, |
| Date of publication, distribution, etc. | 1981. |
| 300 ## - PHYSICAL DESCRIPTION | |
| Pagination | iv, 400 p. : |
| Illustrations | ill. ; |
| Size | 25 cm. |
| 600 ## - SUBJECT ADDED ENTRY--PERSONAL NAME | |
| Geographic subdivision | |
| 650 #0 - SUBJECT ADDED ENTRY--TOPICAL TERM | |
| Topical term or geographic name as entry element | Demography. |
| Geographic subdivision | India |
| 9 (RLIN) | 47732 |
| Topical term or geographic name as entry element | Population |
| Geographic subdivision | India |
| 9 (RLIN) | 247004 |
| 942 ## - ADDED ENTRY ELEMENTS (KOHA) | |
| Source of classification or shelving scheme | Dewey Decimal Classification |
| Koha item type | Books |
| Lost status | Source of classification or shelving scheme | Damaged status | Not for loan | Collection code | Permanent Location | Current Location | Shelving location | Date acquired | Source of acquisition | Cost, normal purchase price | Total Checkouts | Full call number | Date last seen | Copy number | Koha item type | Date checked out |
|---|---|---|---|---|---|---|---|---|---|---|---|---|---|---|---|---|
| Dewey Decimal Classification | Not For Loan | Non-fiction | Central Library, University of Rajshahi | Central Library, University of Rajshahi | Reading Room | 29/11/1983 | Tulip Enter. Dhaka | 60.00 | 304.6 RAF 1981 | 10/02/2014 | C-1 | Books | ||||
| Dewey Decimal Classification | Non-fiction | Central Library, University of Rajshahi | Central Library, University of Rajshahi | 29/11/1983 | Tulip, Dhaka | 60.00 | 304.6 RAF 1981 | 10/11/2016 | C-2 | Books | ||||||
| Dewey Decimal Classification | Non-fiction | Central Library, University of Rajshahi | Central Library, University of Rajshahi | 28/11/1983 | Dhaka, Tulip enterprises | 60.00 | 3 | 304.6 RAF 1981 | 01/07/2025 | C-3 | Books | 17/06/2025 |